00573nam a22001937a 450000500170000001000150001702000260003203500130005803700130007108200120008410000210009624500800011726000440019727000360024130000250027750000400030270000220034270000150036420140108124820.0 aENG-108959 a9788183165167c225.00 aEN-92492 bDBAD/PUB a530.071 aNagaraju, M.T.V. aMethods of teaching physical science /cby M.T.V. Nagaraju [and] Vanaja, M. aHyderabadbNeelkamal Publicationsc2014 aSultan BazarbHyderabade500095 axii,316p.c24cm(pbk) aIncludes bibliographical references a Nagaraju, M.T.V. aVanaja, M.